Lay All Your Love On Me - ABBA Lyrics (Mamma Mia Movie) - Statistics

General Stats
  • This quiz has been taken 147 times
  • The average score is 202 of 244
Answer Stats
Hint Answer % Correct
a
100%
A
100%
all
100%
lay
100%
Lay
100%
love
100%
me
100%
on
100%
you
100%
you,
100%
your
100%
Pre-chorus | Verse I
99%
do?
98%
Chorus | Intro Don't
98%
don't
98%
emotion,
98%
emotion
98%
go
98%
was
96%
is
95%
wasting
95%
every
93%
Now
93%
now
93%
we
91%
it
90%
Verse It
90%
before
89%
met
89%
see
89%
my
88%
that
88%
And
86%
and
86%
everything
85%
isn't
85%
wasn't
85%
Pre-chorus But
84%
jealous
84%
potential
83%
threat
83%
man
81%
of
81%
new
80%
true
80%
nice
79%
only
79%
smoking
78%
vice
78%
I've
77%
beg
73%
devotion
73%
what
73%
What
73%
like
72%
sharing
72%
know
70%
so
70%
to
70%
You've
70%
you've
70%
shooting
69%
when
69%
done
68%
the
68%
baby
67%
had
67%
have
67%
heard
67%
duck
65%
with
64%
I'm
63%
little
63%
never
63%
sitting
63%
stuck
63%
easily
62%
fall
62%
has
62%
woman
62%
saying
60%
near
59%
overturned
59%
feel
58%
possessive,
58%
should
58%
dear
57%
learned
57%
smile,
56%
still
56%
fear
54%
kind
53%
affairs
52%
think
52%
few
51%
pride
48%
grown-up
47%
can
46%
last
44%
small
44%
talk,
44%
They
43%
more
42%
used
42%
even
41%
been
40%
didn't
40%
long
38%
pretty
37%
truth
37%
very
37%
incomprehensible
36%
skip
36%
sensible
35%
makes
33%
they've
31%
Unsatisfied,
31%
scarce
27%
Pre-chorus 'Cause
23%
No matching quizzes found
Score Distribution
Percent of People with Each Score
Percentile by Number Answered
Your Score History
You have not taken this quiz